Kudarc

Podrobná bibliografia
Hlavný autor: Gerőcs, Péter, 1985- (Autor)
Médium: Článok
Jazyk:slovenčina
maďarčina
PhysicalDescription:Obr.
ISSN:1335-1826
Predmet:

MARC

LEADER 00000nab a2200000 a 4500
001 vtls008945189
003 SK-MaSNL
005 20260304133633.0
008 250505c2007 xo |||||||| |000 b|slo
015 |a SNBRB2007/02  |2 snkbucl 
035 |a (uuid)5ad73b5c-d172-4aa9-870a-67b2274a5c0f 
035 |a urn:nbn:sk:snk-ab1xol 
035 |a (urnnbn)urn:nbn:sk:snk:ar-a016zi 
038 |a SNKBUCL 
040 |a SNKBUCL  |b slo  |c SNKBUCL  |e AACR2 
041 0 |a hun 
044 |a xo  |c SK 
080 |a 821.511.141-32=511.141  |2 1997 
100 1 |a Gerőcs, Péter,  |d 1985-  |4 aut  |9 353406 
245 1 0 |a Kudarc  |c Gerőcs Péter 
300 |b Obr. 
650 0 7 |a psychologické poviedky, maďarské  |2 snkbucl  |9 71096 
773 0 |t Kalligram : művészet és gondolat  |g Évf. XVI, sz. január (2007), o. 13-15  |x 1335-1826 
850 |a Slovenská národná knižnica 
852 |a Slovenská národná knižnica 
958 |a article27 
958 |a OND 
958 |a HU 
958 |a LX 
958 |a EUIPO 
999 |c 2902829  |d 2904759